|
|
|
|
| LEADER |
01402cam a2200325 7i4500 |
| 001 |
0000030531 |
| 005 |
20131212090000.0 |
| 020 |
0 |
0 |
|a 9789678923859
|
| 090 |
0 |
0 |
|a M 342.595068
|b PER
|
| 245 |
0 |
0 |
|a Perintah-perintah am dan arahan pentadbiran :
|b (Hingga 10hb Mei 2013).
|
| 260 |
0 |
0 |
|a Petaling Jaya:
|b International Law Book Service,
|c 2013.
|
| 440 |
0 |
0 |
|a Undang - undang Malaysia
|
| 500 |
0 |
0 |
|a Sukatan Peperiksaan Undang - undang Kerajaan
|
| 500 |
0 |
0 |
|a Tatacara Pengurusan Stor Kerajaan
|
| 500 |
0 |
0 |
|a Panduan Pengurusan Pejabat
|
| 500 |
0 |
0 |
|a Akta Prosedur Kewangan 1957
|
| 500 |
0 |
0 |
|a Arahan Perbendaharaan
|
| 500 |
0 |
0 |
|a Pekeliling Perkhidmatan dan Surat Pekeliling Perkhidmatan Terpilih
|
| 500 |
0 |
0 |
|a Peraturan-peraturan Lembaga Tatatertib Perkhidmatan Awam 1993
|
| 500 |
0 |
0 |
|a Perintah-perintah Am
|
| 650 |
0 |
0 |
|a Administrative agencies --
|x Rules and practices --
|z Malaysia
|
| 650 |
0 |
0 |
|a Malaysia --
|z Officials and employess
|
| 650 |
0 |
0 |
|a Administrative procedure --
|z Malaysia
|
| 650 |
0 |
0 |
|a Civil service --
|z Malaysia
|
| 651 |
0 |
0 |
|a Malaysia
|
| 999 |
|
|
|a B000033771
|b Book
|c Malaysia
|e Business Information Centre
|
| 999 |
|
|
|a B000033772
|b Book
|c Malaysia
|e Business Information Centre
|
| 999 |
|
|
|a B000033773
|b Book
|c Malaysia
|e Business Information Centre
|
| 999 |
|
|
|a B000033774
|b Book
|c Malaysia
|e Business Information Centre
|
| 999 |
|
|
|a B000033775
|b Book
|c Malaysia
|e Business Information Centre
|